| 000 | 00396nam a2200157Ia 4500 | ||
|---|---|---|---|
| 008 | 210210b1987 xxu||||| |||| 00| 0 eng d | ||
| 082 | _a530 WHIM | ||
| 100 | _aWHITE (Harvey E). | ||
| 245 | _aModern college physics. Ed.6 | ||
| 250 | _a | ||
| 260 |
_aDelhi _bC B S publishers & distributors _c1987 |
||
| 300 | _a1108 | ||
| 650 | _aModern college physics | ||
| 690 | _aPhysics | ||
| 906 | _a042333 | ||
| 999 |
_c91864 _d91864 |
||